[Event "DEN-chT XtraCon 2018-19"]
[Site "Denmark"]
[Date "2018.11.18"]
[Round "3"]
[White "Svenninggaard, Thomas"]
[Black "Sorensen, Ivan"]
[Result "1/2-1/2"]
[WhiteElo "2122"]
[BlackElo "2062"]
[Annotator "NA"]
[PlyCount "39"]
[EventDate "2018.10.27"]
[EventType "team-tourn"]
[EventCountry "DEN"]
[SourceTitle "playchess.com"]
[Source "ChessBase"]
[SourceQuality "1"]
[TimeControl "40/5400+30:1800+30"]

1. e4 {[%emt 0:00:00]} e6 {[%emt 0:00:00]} 2. d4 {[%emt 0:00:40]} d5 {[%emt 0:00:00]} 3. exd5 {[%emt 0:00:14]} exd5 {[%emt 0:00:00]} 4. Bd3 {[%emt 0:00:09]} Bd6 {[%emt 0:00:26]} 5. c3 {[%emt 0:03:31]} Ne7 {[%emt 0:01:47]} 6. Qc2 {[%emt 0:00:44]} Bg4 {[%emt 0:05:34] C01: French: Exchange Variation} 7. Ne2 {[%emt 0:07:12]} Qd7 {[%emt 0:06:51]} 8. Bg5 {[%emt 0:07:02]} Bf5 {[%emt 0:05:14]} 9. Bxe7 $146 {[%emt 0:03:42]} ({Predecessor:} 9. Nd2 O-O 10. O-O-O Bxd3 11. Qxd3 Qf5 12. Qe3 Re8 13. Ng3 Qd7 14. Qf3 {0-1 (31) Kocur,A (1922)-Zavesicky,P (2049) Czechia 2010}) 9... Bxd3 {[%emt 0:01:42]} 10. Qxd3 {[%emt 0:00:26]} Qxe7 {[%emt 0:00:39]} 11. Nd2 {[%emt 0:07:38]} c6 {[%emt 0:01:49]} 12. O-O-O {[%emt 0:01:50]} Nd7 {[%emt 0:09:34]} 13. Ng3 {[%emt 0:01:19]} O-O-O {[%emt 0:00:22]} 14. Nf5 {[%emt 0:02:00]} Qf6 {[%emt 0:02:08]} 15. Nxd6+ {[%emt 0:01:49]} Qxd6 {[%emt 0:00:09]} 16. Rde1 {[%emt 0:01:10]} h6 {[%emt 0:19:18]} 17. g3 {[%emt 0:08:22]} Rde8 {[%emt 0:06:51]} 18. Re3 {[%emt 0:08:22]} Rxe3 {[%emt 0:08:05]} 19. fxe3 {[%emt 0:00:20]} Nf6 {[%emt 0:03:57]} 20. Qf5+ $11 {[%emt 0:05:53] Qd8} 1/2-1/2

[Event "DEN-chT XtraCon 2018-19"]
[Site "Denmark"]
[Date "2018.11.18"]
[Round "3"]
[White "Firooznia, Farzam"]
[Black "Andersen, Ib Hother"]
[Result "1/2-1/2"]
[WhiteElo "2094"]
[BlackElo "2161"]
[Annotator "NA"]
[PlyCount "60"]
[EventDate "2018.10.27"]
[EventType "team-tourn"]
[EventCountry "DEN"]
[SourceTitle "playchess.com"]
[Source "ChessBase"]
[SourceQuality "1"]
[TimeControl "40/5400+30:1800+30"]

1. e4 {[%emt 0:00:00]} e5 {[%emt 0:01:35]} 2. d4 {[%emt 0:00:00]} exd4 {[%emt 0:00:04]} 3. Nf3 {[%emt 0:00:00]} Nc6 {[%emt 0:00:21]} 4. Nxd4 {[%emt 0:00:00]} Nf6 {[%emt 0:00:07]} 5. Nxc6 {[%emt 0:00:00]} bxc6 {[%emt 0:00:06]} 6. e5 {[%emt 0:00:00]} Qe7 {[%emt 0:00:07]} 7. Qe2 {[%emt 0:00:00]} Nd5 {[%emt 0:00:06]} 8. c4 {[%emt 0:00:11]} Nb6 {[%emt 0:00:07]} 9. Nc3 {[%emt 0:00:32]} Qe6 {[%emt 0:00:10]} 10. Qe4 {[%emt 0:11:11]} g6 {C45: Scotch Game} 11. f4 {[%emt 0:02:12]} (11. Bd2 Bg7 12. c5 Nd5 13. Bc4 Qxe5 14. Qxe5+ Bxe5 15. Bxd5 cxd5 16. O-O-O O-O 17. Nxd5 Rb8 18. Bc3 Bxc3 19. Nxc3 {1-0 (49) Yu,Y (2729)-Dominguez Perez,L (2739) Doha 2016}) 11... Bg7 {[%emt 0:02:06]} 12. Be2 {[%emt 0:05:33]} O-O {[%emt 0:02:06]} 13. O-O {[%emt 0:00:46]} d5 {[%emt 0:17:12]} 14. exd6 {[%emt 0:09:53]} Bxc3 {[%emt 0:07:33]} 15. Qxe6 {[%emt 0:00:08]} Bxe6 {[%emt 0:00:08]} 16. bxc3 {[%emt 0:00:11]} cxd6 {[%emt 0:05:31]} 17. c5 {[%emt 0:04:22]} dxc5 {[%emt 0:00:05]} 18. Ba3 {[%emt 0:01:49]} Na4 $146 {[%emt 0:28:42]} 19. Rfc1 {[%emt 0:03:53]} Rfd8 {[%emt 0:00:37]} 20. Bd1 {[%emt 0:01:29]} Nb6 {[%emt 0:00:11]} 21. Bxc5 {[%emt 0:02:00]} Rd2 {[%emt 0:00:56]} 22. Bf3 {[%emt 0:12:13]} Bd5 {[%emt 0:01:59]} 23. Rf1 {[%emt 0:05:18]} Rd8 $11 {[%emt 0:20:11]} 24. Bd4 {[%emt 0:04:40]} Re8 {[%emt 0:04:44]} 25. Rae1 {[%emt 0:04:40]} Rxe1 26. Rxe1 {[%emt 0:00:06]} Kf8 {[%emt 0:00:48]} 27. Bc5+ {[%emt 0:10:06]} Kg7 {[%emt 0:00:08]} 28. Bd4+ {[%emt 0:06:53]} Kf8 {[%emt 0:00:56]} 29. Bc5+ {[%emt 0:02:17]} Kg7 {[%emt 0:00:05]} 30. Bd4+ {[%emt 0:10:50]} Kf8 {[%emt 0:01:39]} 1/2-1/2

[Event "DEN-chT XtraCon 2018-19"]
[Site "Denmark"]
[Date "2018.11.18"]
[Round "3"]
[White "Skjoldager, Per"]
[Black "Pedersen, Jan"]
[Result "1/2-1/2"]
[WhiteElo "2065"]
[BlackElo "2388"]
[Annotator "TA"]
[PlyCount "148"]
[EventDate "2018.10.27"]
[EventType "team-tourn"]
[EventCountry "DEN"]
[SourceTitle "playchess.com"]
[Source "ChessBase"]
[SourceQuality "1"]

{[%evp 18,148,-35,-31,-41,-18,-25,-56,-39,-20,-8,-21,-9,-29,3,-97,-97,-118,-95,-110,-106,-108,-113,-122,-95,-85,-87,-104,-86,-116,-119,-137,-139,-120,-114,-140,-79,-79,-67,-69,-55,-59,-57,-50,-46,-51,-46,-81,-70,-77,-84,-85,-75,-103,-115,-170,-172,-164,-163,-165,-173,-204,-143,-141,-102,-107,-114,-121,-63,-64,-62,-57,-47,-52,-53,-59,-47,-47,-37,-39,-37,-37,-37,-37,-37,-37,-37,-37,-28,-28,-28,-28,-28,-28,-28,-28,-28,-28,-28,-28,-28,-28,-28,-28,-28,-28,-16,-16,-16,-16,-16,-28,-16,-16,-12,-12,-12,-18,-18,-24,-18,-28,-12,-28,-28,-28,-28,-28,-28,-28,0,-28,0]} 1. e4 c5 2. c3 Nf6 3. e5 Nd5 4. d4 cxd4 5. cxd4 d6 6. Bc4 Nb6 7. Bb5+ Bd7 8. e6 fxe6 {B22: Sicilian: 2 c3} 9. Bd3 g6 10. h4 {LiveBook: 10 Games} Bg7 {Black is slightly better.} (10... Nc6 11. h5 Rg8 12. hxg6 hxg6 13. Rh8 Kf7 14. Qf3+ Kg7 15. Rh7+ Kxh7 16. Qh5+ {1-0 (16) Belyakov,B (2458)-Savchenko,B (2562) Sochi 2018}) 11. h5 Bc6 12. Qg4 Kd7 13. Nc3 $146 ({Predecessor:} 13. Nh3 Na6 14. Ng5 Qg8 15. Nc3 h6 16. Nf3 {0-1 (31) Serbu,E (2180)-Becker,M (2350) Maastricht 2009}) 13... Na6 14. a3 Nc7 15. Nge2 Qg8 16. Bd2 (16. h6 $1 $11 Bf6 17. Bd2) 16... gxh5 $1 $17 17. Rxh5 {aiming for Rg5.} Bf6 $36 {[%mdl 2048] White is under strong pressure.} 18. Qxg8 Raxg8 ({But not} 18... Rhxg8 $6 19. Ne4 $15) 19. g3 Bf3 20. Rh6 a6 21. O-O-O Rg4 22. Re1 Ncd5 23. Nf4 Nxf4 24. Bxf4 {[#]} Nd5 $1 {[%cal Rd5f4]} 25. Nxd5 Bxd5 26. Be2 Rgg8 (26... Rc8+ $142 27. Kb1 Rg6 28. Rxg6 Be4+ 29. Ka1 hxg6) 27. Be3 Be4 28. Kd2 Rg6 {And now ...Rxh6 would win.} 29. Rh2 e5 30. dxe5 Bxe5 31. Bh5 Rgg8 ({Reject} 31... Bxb2 $6 {[#]} 32. Bd4 $1 $14 {[%mdl 512]}) 32. Rh4 Bc6 33. Bd4 Bxd4 34. Rxd4 Rg5 35. Bg4+ Kd8 36. Re3 (36. Re6 $17 {was called for.}) 36... e5 $19 37. Rxd6+ Kc7 38. Rxc6+ bxc6 {[%mdl 4096] Endgame KRR-KRB} 39. Bf3 Rd8+ 40. Ke2 Rd6 41. Rc3 Rf6 42. Be4 h6 (42... Rh5 $17 43. Rc2 a5) 43. b4 Rg7 44. Rc5 Re6 45. Bf5 Rd6 $1 46. Be4 Re7 47. g4 Kb6 48. f3 {[#]} a5 $1 49. Rxa5 (49. bxa5+ Kxc5) 49... Ra7 50. Rxe5 Rxa3 {...Rb3 is the strong threat.} 51. Rc5 $1 Rb3 52. Rc4 Kb5 53. Rc5+ Kxb4 54. Rxc6 Rxc6 55. Bxc6 $11 {KR-KB} Kc5 56. Be4 Kd4 57. Kf2 Ke5 58. Kg3 Rb2 59. Bc6 Rb4 60. Be4 Rd4 61. Bc6 Rf4 62. Be4 Rf6 63. Bf5 Ra6 64. Be4 Kd4 65. Kf4 Rf6+ 66. Bf5 Rf8 67. Kg3 Ke3 68. Be4 Rc8 69. Bb7 Rc1 70. Be4 Rg1+ 71. Kh4 Rh1+ 72. Kg3 Rf1 73. Kh4 Rh1+ 74. Kg3 Rg1+ {Precision: White = 57%, Black = 60%.} 1/2-1/2

[Event "DEN-chT XtraCon 2018-19"]
[Site "Denmark"]
[Date "2018.12.09"]
[Round "4"]
[White "Brunello, Sabino"]
[Black "Kristensen, Kaare Hove"]
[Result "1-0"]
[WhiteElo "2532"]
[BlackElo "2305"]
[Annotator "ChessBase"]
[PlyCount "57"]
[EventDate "2018.10.27"]
[EventType "team-tourn"]
[EventCountry "DEN"]
[SourceTitle "playchess.com"]
[Source "ChessBase"]
[SourceQuality "1"]
[TimeControl "40/5400+30:1800+30"]

1. d4 {[%emt 0:00:00]} d5 {[%emt 0:00:00]} 2. c4 {[%emt 0:00:00]} c6 {[%emt 0:00:44]} 3. e3 {[%emt 0:01:46]} Nf6 {[%emt 0:02:26]} 4. Nf3 {[%emt 0:00:13]} Bg4 {[%emt 0:00:17]} 5. h3 {[%emt 0:00:13]} Bxf3 {[%emt 0:01:25]} 6. Qxf3 {[%emt 0:00:07]} Nbd7 {[%emt 0:01:02]} 7. Nc3 {[%emt 0:00:17]} e6 {[%emt 0:00:35]} 8. a3 {[%emt 0:01:14]} Bd6 {[%emt 0:04:57]} 9. g4 {[%emt 0:00:42]} dxc4 {[%emt 0:09:38]} 10. Bxc4 {[%emt 0:10:24]} O-O {[%emt 0:03:35]} 11. g5 {[%emt 0:11:28]} Nd5 {[%emt 0:02:06]} 12. h4 {[%emt 0:00:12]} Qe7 {[%emt 0:15:48]} 13. e4 {[%emt 0:15:54]} N5b6 {[%emt 0:05:38]} 14. Ba2 {[%emt 0:02:00]} e5 {[%emt 0:12:22]} 15. d5 {[%emt 0:02:42]} cxd5 {[%emt 0:02:37]} 16. Nxd5 {[%emt 0:15:47]} Nxd5 {[%emt 0:01:26]} 17. Bxd5 {[%emt 0:00:10]} Nc5 {[%emt 0:08:45]} 18. g6 {[%emt 0:05:09]} Kh8 {[%emt 0:06:02]} 19. Bg5 {[%emt 0:07:00]} Qd7 {[%emt 0:00:39]} 20. gxf7 {[%emt 0:02:12]} Ne6 {[%emt 0:07:33]} 21. Qf5 {[%emt 0:01:35]} Nc5 {[%emt 0:00:05]} 22. Qxd7 {[%emt 0:01:17]} Nxd7 {[%emt 0:00:06]} 23. Rd1 {[%emt 0:00:56]} Nf6 {[%emt 0:03:30]} 24. Bxf6 {[%emt 0:00:18]} gxf6 {[%emt 0:00:05]} 25. Rg1 {[%emt 0:00:09]} h6 {[%emt 0:00:17]} 26. Ke2 {[%emt 0:01:42]} Be7 {[%emt 0:04:39]} 27. Rg6 {[%emt 0:01:43]} Kh7 {[%emt 0:03:26]} 28. Rdg1 {[%emt 0:00:10]} h5 {[%emt 0:00:24]} 29. Be6 {[%emt 0:00:51]} 1-0

[Event "DEN-chT XtraCon 2018-19"]
[Site "Denmark"]
[Date "2018.12.09"]
[Round "4"]
[White "Rozentalis, Eduardas"]
[Black "Sylvan, Jacob"]
[Result "1-0"]
[WhiteElo "2521"]
[BlackElo "2345"]
[Annotator "TA"]
[PlyCount "71"]
[EventDate "2018.10.27"]
[EventType "team-tourn"]
[EventCountry "DEN"]
[SourceTitle "playchess.com"]
[Source "ChessBase"]
[SourceQuality "1"]

{[%evp 17,71,18,16,15,18,0,7,6,-2,-29,-22,-6,-11,-14,0,0,1,0,0,0,0,0,0,0,0,2,1,0,0,-17,-13,-41,-22,-27,0,0,42,0,26,0,64,16,21,19,50,55,109,102,232,228,590,578,734,679,663,421]} 1. e4 c5 2. Nf3 e6 3. c3 Nf6 4. e5 Nd5 5. Bc4 d6 6. O-O dxe5 {B22: Sicilian: 2 c3} 7. Nxe5 Bd6 8. d4 O-O 9. Re1 Qc7 {LiveBook: 5 Games} 10. Na3 {With the idea Nb5.} a6 11. Bd3 cxd4 12. cxd4 ({Don't blunder} 12. Qh5 $2 g6 $19) 12... b5 13. Qh5 $146 {[%csl Gd3][%cal Rh5h7]} ({Predecessor:} 13. Bd2 Bb7 14. Qh5 {1-0 (23) Rozentalis,E (2590)-Sikula,V (2540) Austria 2008}) 13... g6 14. Qh4 Nd7 {[%cal Rd7e5]} 15. Bh6 Re8 {[%cal Rd7e5]} 16. Rac1 Qd8 $132 {[%mdl 2048] Black puts up resistance} 17. Qg3 (17. Qxd8 {looks sharper.} Rxd8 18. Nc6 Re8 19. Be4 N7f6 20. Bf3) 17... Nxe5 18. dxe5 Bf8 19. Bxf8 Rxf8 20. Nc2 Bb7 21. h4 {[%cal Bh2h4,Bh4h5][%mdl 32]} Rc8 22. Rcd1 {[%cal Bc1d1,Bd1d2,Bd2e2,Be2e4,Be4d4][%mdl 32]} Qe7 23. Be4 Nb6 {Strongly threatening ...Bxe4.} 24. Nd4 Bxe4 25. Rxe4 Rfd8 26. h5 Na4 27. Rd2 Nb6 28. Rg4 Nc4 ({Better is} 28... Rd5 $11) 29. Re2 Kg7 30. Qf3 Na5 31. b3 {[%cal Bb2b3,Bb3b4][%mdl 32]} Rc1+ ({Black should play} 31... Kg8 $14) 32. Kh2 $16 Rd1 {[#]} (32... Rcc8 $16 {was worth a try.}) 33. Ree4 $1 $18 Ra1 $2 {[#]} (33... Rc1 {is a better chance.} 34. Ref4 Rcc8) 34. b4 $1 {[%mdl 512] White is clearly winning.} Rxd4 (34... Qxb4 35. Nxe6+) 35. Rxd4 Nc4 36. Qf4 {Precision: White = 60%, Black = 36%.} 1-0

[Event "DEN-chT XtraCon 2018-19"]
[Site "Denmark"]
[Date "2018.12.09"]
[Round "4"]
[White "Schandorff, Lars"]
[Black "Haubro, Martin"]
[Result "1/2-1/2"]
[WhiteElo "2491"]
[BlackElo "2316"]
[Annotator "TA"]
[PlyCount "89"]
[EventDate "2018.10.27"]
[EventType "team-tourn"]
[EventCountry "DEN"]
[SourceTitle "playchess.com"]
[Source "ChessBase"]
[SourceQuality "1"]

{[%evp 19,89,-4,-3,-6,-7,-69,0,0,0,0,-1,-2,0,0,0,0,0,0,0,0,0,-6,0,0,0,0,0,0,0,0,0,0,0,0,0,0,0,0,0,0,14,14,18,18,17,14,14,14,14,14,16,0,0,0,0,0,0,0,0,0,0,-6,0,0,0,0,0,0,0,0,0,0]} 1. Nf3 Nf6 2. g3 d5 3. Bg2 Bg4 4. O-O Nbd7 5. d3 c6 6. c4 e6 7. cxd5 cxd5 8. Nc3 Be7 9. h3 Bxf3 10. Bxf3 O-O {LiveBook: 23 Games. A11: English Opening: 1...c6} 11. Bf4 Qb6 12. Qd2 $146 (12. Na4 $11 Qa6 13. Nc3) ({Predecessor:} 12. Rb1 Rfd8 13. d4 Rac8 14. Qd3 Rc4 15. Rfd1 Rdc8 16. g4 Bd6 17. Bxd6 Qxd6 18. e3 {½-½ (30) Roos,D (2410)-Rausis,I (2560) Bischwiller 1993}) 12... Bd6 (12... d4 $1 $15 13. Nb1 h6) 13. Bxd6 $11 {The position is equal.} Qxd6 14. d4 Nb6 15. b3 Qb4 16. Ne4 Qxd2 17. Nxd2 Rfc8 18. Rfc1 Kf8 19. Kf1 Ke7 20. e3 Rxc1+ 21. Rxc1 Rc8 22. Rxc8 Nxc8 {[%mdl 4096] Endgame KBN-KNN} 23. Be2 Nd6 24. Bd3 Nfe4 25. Nb1 h6 26. g4 Nf6 27. f3 {[%cal Bf2f3,Bf3f4][%mdl 32]} g5 28. Nc3 Nd7 29. Kf2 f6 30. f4 Nb8 31. f5 {White wants to play fxe6.} Nc6 32. Kf3 Kd7 33. fxe6+ Kxe6 34. Bh7 {Black must now prevent Bg8+.} Ne7 35. a4 f5 36. gxf5+ Ndxf5 37. Nb5 a6 38. Na3 h5 39. Nc2 Kf6 40. Nb4 g4+ 41. hxg4 hxg4+ 42. Kxg4 {[#] aiming for Bxf5.} Nxe3+ 43. Kf3 N3f5 44. Bxf5 Kxf5 45. Ke3 {Precision: White = 81%, Black = 71%.} 1/2-1/2

[Event "DEN-chT XtraCon 2018-19"]
[Site "Denmark"]
[Date "2018.12.09"]
[Round "4"]
[White "Ahlander, Bjorn"]
[Black "Schmidt, Kristen"]
[Result "1-0"]
[WhiteElo "2417"]
[BlackElo "2235"]
[Annotator "TA"]
[PlyCount "107"]
[EventDate "2018.10.27"]
[EventType "team-tourn"]
[EventCountry "DEN"]
[SourceTitle "playchess.com"]
[Source "ChessBase"]
[SourceQuality "1"]

{[%evp 27,107,92,95,49,113,104,87,102,89,77,90,95,84,90,84,56,60,66,66,18,18,15,119,18,87,97,174,168,167,90,186,149,142,148,159,164,158,175,162,12,17,9,77,66,109,114,124,158,142,152,144,96,99,94,97,77,235,238,293,246,400,391,384,287,527,507,821,806,810,745,870,853,908,910,960,951,5712,5314,29971,29972,6628,6098]} 1. d4 Nf6 2. c4 g6 3. Nc3 Bg7 4. e4 d6 5. Nf3 O-O 6. Be2 e5 7. O-O Na6 8. Be3 Ng4 9. Bg5 {[%cal Be3g5,Bg5h4,Bh4g3][%mdl 32]} f6 10. Bh4 c6 11. d5 c5 12. Ne1 Nh6 {[%cal Bg4h6,Bh6f5,Bf5g3][%mdl 32] E94: King's Indian: Classical: 6 Be2 e5 7 0-0: Various Black 7th moves} 13. a3 (13. f3 Nf7 14. Rb1 h5 15. Nd3 Bh6 16. Bf2 Bd7 17. b4 b6 18. bxc5 Nxc5 19. a4 a5 20. Qc2 {1-0 (67) So,W (2822)-Shimanov,A (2642) chess.com INT 2017}) 13... g5 14. Bg3 f5 {LiveBook: 4 Games. White is better.} 15. f3 $146 {[%cal Bf2f3,Bf3f4][%mdl 32]} ({Predecessor:} 15. exf5 Nxf5 16. Bg4 b6 17. Ne4 h6 18. Nd3 Nc7 19. b4 Ne8 20. Rb1 {0-1 (34) Hammes,M (2349)-Trigo Urquijo,S (2389) Leiria 2017}) 15... g4 (15... f4 $14 16. Bf2 Nf7) 16. f4 (16. fxg4 {with more complications.} Nxg4 17. Nc2 Nh6 18. exf5 Bxf5 19. Ne3) 16... fxe4 17. fxe5 {aiming for e6.} Nf5 18. Nxe4 {Hoping for e6.} Nxg3 19. Rxf8+ Qxf8 20. Nxg3 {And now Nd3 would win.} Bxe5 21. Nd3 Bd4+ 22. Kh1 Qg7 23. Qd2 Bd7 24. Rf1 Qg6 {[#]} (24... Rf8 $11) 25. Bd1 ({White should try} 25. Nxc5 $1 $16 {[%mdl 512]} Bxc5 (25... Nxc5 26. Qxd4) 26. Bd3) 25... Re8 (25... Rf8 $11) 26. Bc2 $1 $16 Be3 (26... Qg7 $16) 27. Qd1 $18 Qg5 28. Nf2 (28. Ba4 $18 b5 29. Bxb5 (29. cxb5 Nc7 $16) 29... Bxb5 30. cxb5) 28... Bf4 (28... Rf8 $16 {keeps fighting.}) 29. Nge4 Qg7 30. g3 Be5 31. Nd3 Rf8 32. Nxe5 Qxe5 {[#]} 33. Rxf8+ (33. Re1 $1 $18) 33... Kxf8 $11 34. Qd2 {Black must now prevent Qh6+.} Kg7 (34... Ke7 $11) 35. Nf2 $16 Qf6 36. Kg2 $36 {[%mdl 2048] White is on the roll.} Nc7 37. Qd3 Qh6 38. Qe4 Kf8 39. Qxh7 Qxh7 40. Bxh7 {[%mdl 4096] Endgame KBN-KBN} b5 41. b3 Kg7 $2 (41... bxc4 $16 42. bxc4 Na8) 42. Bd3 $18 Kf6 {[#]} 43. Be2 $1 Ke5 $2 (43... a5 {might work better.} 44. cxb5 (44. Bxg4 Be8 $16) (44. Nxg4+ Bxg4 45. Bxg4 a4 $16) 44... Nxb5 45. Bxb5 (45. Nxg4+ Bxg4 46. Bxb5 Ke5 $16) (45. Bxg4 Bf5 $16) 45... Bxb5) 44. Nxg4+ Kd4 45. Nf6 Bc8 $2 (45... Bf5 {is a better defense.} 46. g4 (46. cxb5 Ke5 $16) 46... Bc2) 46. g4 a5 (46... Ke5 $142 47. g5 Bf5) 47. cxb5 a4 48. bxa4 c4 49. Kf2 c3 50. Ke1 Ke3 51. Bd1 Bb7 52. g5 {[%cal Bg4g5,Bg5g6][%mdl 32]} Nxd5 53. Nxd5+ Bxd5 54. g6 {Accuracy: White = 55%, Black = 26%.} 1-0

[Event "DEN-chT XtraCon 2018-19"]
[Site "Denmark"]
[Date "2018.12.09"]
[Round "4"]
[White "Rasmussen, Karsten"]
[Black "Matthiesen, Martin"]
[Result "1-0"]
[WhiteElo "2414"]
[BlackElo "2279"]
[Annotator "TA"]
[PlyCount "77"]
[EventDate "2018.10.27"]
[EventType "team-tourn"]
[EventCountry "DEN"]
[SourceTitle "playchess.com"]
[Source "ChessBase"]
[SourceQuality "1"]

{[%evp 22,77,-47,-58,-45,-41,-35,-41,-45,-107,-98,-108,-107,-117,-106,-117,-112,-119,-107,-168,-171,-179,-184,-187,-190,-190,-145,-136,-117,-193,-152,-143,-101,-138,-94,-64,-74,-86,-85,-200,-210,-210,-210,-220,-175,-165,-100,-98,-105,-184,-199,-225,135,125,1803,1773,29972,29974]} 1. c4 g6 2. Nc3 Bg7 3. g3 c5 4. Bg2 Nc6 5. Nf3 e6 6. O-O Nge7 7. d3 O-O 8. Bf4 d5 9. cxd5 exd5 {A37: Symmetrical English vs ...g6: 4 Bg2 Bg7 5 Nf3} (9... Nxd5 10. Bg5 Qd7 11. Qd2 Re8 12. Rfd1 b6 13. Rac1 Bb7 14. Bh6 Bh8 15. e4 Nc7 16. Bh3 Ne5 17. Nxe5 Bxe5 {½-½ (41) Maghsoodloo,P (2575)-Vitiugov,N (2724) Moscow 2017}) 10. Qc1 b6 11. Bh6 d4 12. Ne4 {LiveBook: 4 Games} Nd5 13. Bxg7 Kxg7 14. a3 a5 15. a4 $146 ({White should play} 15. Nfd2 $15) ({Predecessor:} 15. Ned2 Re8 16. Re1 {1-0 (53) Koepf,R (1965)-Pfeifer,P (1925) Bayern 1999}) 15... Rb8 {[%cal Ba8b8,Bb8b7,Bb7e7][%mdl 32]} 16. Ned2 Re8 17. Re1 Rb7 18. Nc4 Rbe7 19. Qd2 h6 20. h3 (20. e4 $17 {is a better defense.} dxe3 21. fxe3) 20... Ncb4 $19 21. e4 dxe3 $1 22. fxe3 Nf6 $1 23. Rad1 Qc7 24. g4 Rd8 25. Qe2 (25. Qc3 $17) 25... Nfd5 26. Qf2 Rde8 27. Bf1 g5 28. e4 Nf4 29. e5 Ba6 {[#]} 30. h4 {[#]} (30. Nh4 $1 $17 {[%mdl 512]}) 30... Nbxd3 $1 {[%mdl 512]} 31. Rxd3 Bxc4 32. Rde3 Bxf1 33. Kxf1 Qd7 (33... Qb7 $19 {White must now prevent ...Qa6+.} 34. Qg3 Rh8) 34. hxg5 $17 Qxg4 {Hoping for ...Qh3+.} 35. Nh2 (35. gxh6+ $17 Kh8 36. Nh2) 35... Qf5 $19 36. gxh6+ Kxh6 $2 (36... Kh8 $19 {...Re6 is the strong threat.} 37. Rf3 Rg8) 37. Rf3 $16 Kg5 $2 {[%mdl 8192]} (37... Rxe5 $16 38. Rxe5 Rxe5 39. Rxf4 Qd3+ 40. Kg1 Rg5+ 41. Kh1 Qd5+ 42. Nf3 Kg7) 38. Qg3+ $18 Kh5 39. Rxf4 {Precision: White = 45%, Black = 42%.} 1-0

[Event "DEN-chT XtraCon 2018-19"]
[Site "Denmark"]
[Date "2018.12.09"]
[Round "4"]
[White "Teplyi, Igor"]
[Black "Hagen, Andreas Skytte"]
[Result "1/2-1/2"]
[WhiteElo "2411"]
[BlackElo "2368"]
[Annotator "TA"]
[PlyCount "67"]
[EventDate "2018.10.27"]
[EventType "team-tourn"]
[EventCountry "DEN"]
[SourceTitle "playchess.com"]
[Source "ChessBase"]
[SourceQuality "1"]

{[%evp 14,67,25,0,10,0,19,4,9,14,29,33,24,33,54,54,117,72,89,62,68,31,34,0,0,0,15,0,126,139,132,120,122,135,127,125,129,114,108,118,124,112,125,95,71,72,91,31,33,35,29,8,8,8,8,0]} 1. Nf3 Nf6 2. g3 g6 3. Bg2 Bg7 4. O-O O-O 5. d4 d6 6. a4 c6 7. a5 Qc7 {A49: 1 d4 Nf6 2 Nf3 g6 3 g3: Anti-King's Indian systems} 8. c4 {LiveBook: 6 Games} (8. Nbd2 c5 9. c3 Na6 10. h3 cxd4 11. Nxd4 Bd7 12. Qb3 Nc5 13. Qa3 e5 14. N4b3 Na6 15. Rd1 {1-0 (64) Kazhgaleyev,M (2570)-Vakhidov,J (2576) Tashkent 2016}) 8... Na6 9. Nc3 e5 10. e4 exd4 $146 ({Predecessor:} 10... Re8 11. h3 Qe7 12. Re1 exd4 13. Nxd4 Nd7 14. Be3 Ndc5 15. Nb3 {0-1 (26) Fortin,M (1724)-Salminen,K (2046) ICCF email 2007}) 11. Nxd4 Ng4 12. h3 Ne5 13. Qe2 Nc5 14. Rd1 Re8 ({Black should try} 14... Ne6 $14) 15. Be3 Be6 16. Nxe6 Rxe6 17. Ra3 {[%cal Ba1a3,Ba3d3,Bd3d2,Bd2d7][%mdl 32]} (17. b4 $5 {[%cal Rb4c5]} Ned7 18. bxc5 Bxc3 19. cxd6 Rxd6 20. Rxd6 Bxa1 21. c5 $16) 17... Ned7 18. b4 Bxc3 $1 19. bxc5 Bb4 20. cxd6 Bxd6 (20... Rxd6 $11 {remains equal.} 21. Rxd6 Bxd6) 21. Rad3 $1 $36 {[%mdl 2048] aiming for Qd2. Black is under strong pressure.} Ne5 {[#]} 22. c5 $1 {[%cal Rc5d6]} Bf8 23. R3d2 Qxa5 24. f4 {[%mdl 64] Trapped Piece} Bxc5 25. fxe5 Bxe3+ 26. Qxe3 Qxe5 27. Rd7 Re7 28. Qa3 Rae8 29. Qxa7 Qxg3 {[#]} 30. Qxb7 (30. R1d3 $1 $16 {[%cal Rd3g3]} Qe1+ 31. Kh2) 30... Rxd7 $14 31. Qxd7 Rxe4 $1 32. Qxc6 Re1+ 33. Rxe1 Qxe1+ 34. Kh2 {Accuracy: White = 60%, Black = 55%.} 1/2-1/2

[Event "DEN-chT XtraCon 2018-19"]
[Site "Denmark"]
[Date "2018.12.09"]
[Round "4"]
[White "Brynell, Stellan"]
[Black "Chatalbashev, Boris"]
[Result "1/2-1/2"]
[WhiteElo "2409"]
[BlackElo "2534"]
[Annotator "TA"]
[PlyCount "53"]
[EventDate "2018.10.27"]
[EventType "team-tourn"]
[EventCountry "DEN"]
[SourceTitle "playchess.com"]
[Source "ChessBase"]
[SourceQuality "1"]

{[%evp 18,53,39,40,37,31,32,19,50,47,146,-186,-181,-184,-177,-178,-187,-185,-177,-177,-172,-186,-181,-230,-142,-141,-80,-217,-14,-14,-15,-14,72,72,72,75,77,67]} 1. d4 g6 2. e4 Bg7 3. Nf3 d6 4. Bc4 Nf6 5. Qe2 O-O 6. e5 dxe5 7. dxe5 Nd5 8. O-O c6 9. h3 Be6 {B04: Alekhine's Defence: 4 Nf3} 10. Ng5 {LiveBook: 4 Games} (10. Nbd2 Nd7 11. Re1 a5 12. a3 b5 13. Ba2 Qb6 14. c4 Nc7 15. Nf1 b4 16. Ng3 b3 17. Bb1 {0-1 (41) Kovalenko,I (2668)-Anton Guijarro,D (2627) Almaty 2016}) 10... Nd7 11. Nxe6 fxe6 {White is slightly better.} 12. f4 $146 ({Predecessor:} 12. Nc3 Qb6 13. Ne4 Nxe5 14. Bb3 a5 15. Be3 Nxe3 16. Qxe3 Qxe3 17. Bxe6+ {0-1 (91) Ebeling,D (2374)-Anton Guijarro,D (2558) Al Ain 2013}) 12... Qb6+ 13. Kh1 $1 Rf5 ({Black should try} 13... g5 $14) 14. Bd3 $2 {[%mdl 8192] [#]} (14. g3 $1 $16) 14... Nxf4 $1 $19 {[%mdl 512]} 15. Bxf4 Rxf4 16. Nd2 Qxb2 17. Rab1 Rxf1+ ({Inferior is} 17... Qxe5 18. Rxf4 Qxf4 19. Qxe6+ Kh8 20. Qxd7 $11) 18. Qxf1 Qxe5 19. Rxb7 {[#]} Nc5 $1 {[%cal Rc5b7]} 20. Rxe7 {Qf7+ would kill now.} Rf8 21. Nf3 Qg3 (21... Qb8 $142 {Strongly threatening ...Bf6.} 22. Qf2 Qb1+ 23. Qe1 Qxe1+ 24. Nxe1 Rf2) 22. Bc4 {[#]} (22. Qe2 $17 {was forced.}) 22... Be5 $2 (22... Bf6 $1 $19 {[%cal Rf6e7]} 23. Rxa7 Be5 24. Bxe6+ Nxe6) 23. Bxe6+ $11 Nxe6 24. Qc4 {[%mdl 64] Double Attack} Kh8 (24... Rxf3 $1 $11 {keeps the balance.} 25. Qxe6+ {[%mdl 64] Double Attack} Kf8 26. Re8+ Kg7 27. Qxe5+ Qxe5 28. Rxe5 Ra3) 25. Qxe6 $16 {White is better.} Bd6 26. Rf7 Rxf7 27. Qxf7 {Accuracy: White = 41%, Black = 28%.} 1/2-1/2